000
00291nam a22001337a 4500
008
181015b xxu||||| |||| 00| 0 eng d
020
_a
08061624657
041
_a
eng
080
_a
616.5
100
_a
7
101
_a
DER
245
_a
Clinical Dermatology
_c
Habif.th.p
942
_2
udc
_c
BK
999
_c
49696
_d
49696